Most-Visited Countries by Azerbaijanis - Statistics

General Stats
  • This quiz has been taken 60 times
  • The average score is 15 of 20
Answer Stats
# Visits Country % Correct
401,073 Russia
98%
458,138 Turkey
98%
168,399 Georgia
96%
10,654 United Kingdom
92%
128,711 Iran
91%
19,174 Germany
89%
5,542 China
81%
12,123 Uzbekistan
79%
49,410 Kazakhstan
77%
78,856 United Arab Emirates
77%
19,865 Saudi Arabia
74%
17,475 Turkmenistan
74%
12,498 Italy
72%
15,705 Iraq
70%
12,858 Egypt
62%
12,524 Qatar
58%
8,623 Belarus
57%
15,315 Poland
53%
5,662 Czech Republic
30%
19,573 Hungary
30%
No matching quizzes found
Score Distribution
Percent of People with Each Score
Percentile by Number Answered
Your Score History
You have not taken this quiz